| 000 | 00334 a2200133 4500 | ||
|---|---|---|---|
| 999 |
_c325426 _d325426 |
||
| 001 | 90353 | ||
| 003 | NUST | ||
| 005 | 20180120152715.0 | ||
| 008 | 180120b xxu||||| |||| 00| 0 eng d | ||
| 082 | _a615.321 KHA | ||
| 100 |
_aKhalid Ghaznavi _99278 |
||
| 245 |
_aSaans Ki Bemarian aur Elaj-e-nabwi (5) _h (5) Urdu |
||
| 260 |
_aLahore _bAl-Faisal _c2013 |
||
| 300 | _a384p. | ||
| 500 | _aGeneral Books | ||
| 942 |
_aCAENUST _k615.321 KHA _cBK _2ddc |
||